Science Quiz

Random Science or Math Quiz

30 Simple Math Match-Ups Quiz Stats

 Plays Quiz Updated Mar 17, 2020

Support Sporcle.
Go Orange.
Score 0/30 Timer 02:00
3 Plays Today
% Correct
???
91.8%
???
75.1%
???
66%
???
59%
???
55.7%
???
46.9%
???
46.3%
???
45.3%
???
44.9%
???
43.3%
???
38.6%
???
37.2%
???
35.6%
???
34.6%
???
32.5%
% Correct
???
32.4%
???
31.6%
???
31.2%
???
29.9%
???
29.9%
???
29.9%
???
29.7%
???
29.3%
???
28.7%
???
28.6%
???
28.5%
???
28.2%
???
27.8%
???
27.5%
???
27.2%

You're not logged in!

Compare scores with friends on all Sporcle quizzes.
OR
Log In

From the Vault

Famous Figures: Who Died First?

by jyrops

This is one contest you don't want to win.
Remove Ads.
Support Sporcle.
Get the best of Sporcle when you Go Orange. This ad-free experience offers more features, more stats, and more fun while also helping to support Sporcle. Thank you for becoming a member.

Show Comments

Extras

Top Quizzes Today


Score Distribution

Your Account Isn't Verified!

In order to create a playlist on Sporcle, you need to verify the email address you used during registration. Go to your Sporcle Settings to finish the process.

Report this User

Report this user for behavior that violates our Community Guidelines.

Details: